Ilúzia pravdy

Bibliographic Details
Main Author: Ondriaš, Karol, 1952- (Author)
Format: Article
Language:Slovak
ISSN:0046-385X
Subjects:

MARC

LEADER 00000nab a2200000 a 4500
001 vtls000752696
003 SK-MaSNL
005 20260304110025.0
008 250429c1999 xo 0 slo
015 |a SNBRB2001/03-11561 
035 |a CLN000104484 
035 |a urn:nbn:sk:snk-abll3 
035 |a (urnnbn)urn:nbn:sk:snk:ar-a03z87 
035 |a (uuid)f6f4738c-1d6d-43fd-9835-89eeb3ec31a8 
040 |a SNKBUCL  |b slo  |c SNKBUCL  |e AACR2 
041 0 |a slo 
044 |a xo  |c SK 
080 |a 111.83  |2 1997 
100 1 |a Ondriaš, Karol,  |d 1952-  |4 aut  |9 124708 
245 1 0 |a Ilúzia pravdy  |c Karol Ondriaš 
504 |a Bibliogr. odkazy 
650 0 7 |a pravda  |2 snkbucl  |9 14244 
650 0 7 |a ilúzie  |2 snkbucl  |9 1323455 
655 7 |a články z novín a časopisov  |2 snkbucl  |9 267496 
773 0 |t Filozofia  |g Roč. 54, č. 8 (1999), s. 612-623  |x 0046-385X 
850 |a Slovenská národná knižnica 
852 |a Slovenská národná knižnica 
954 |a odborná, vedecká literatúra pôvodná (slovenská)  |2 lita 
958 |a article27 
958 |a OND 
958 |a NB 
958 |a EUIPO 
992 |a RBX 
999 |c 2858183  |d 2860113